| 000 | 01083nac a22002411u 4500 | ||
|---|---|---|---|
| 010 | _a2004107633 | ||
| 020 | _a0131423983 (hbk.) | ||
| 020 | _a8129707292 | ||
| 082 |
_a338.04 _bS5284 |
||
| 090 |
_c1098 _d1098 |
||
| 100 | _aShane, Scott Andrew, | ||
| 245 | 1 | 0 |
_aFinding fertile ground : _bidentifying extraordinary opportunities for new ventures / _cScott A. Shane. |
| 260 |
_aNew Delhi : _bPearson power, _cc2005. |
||
| 300 |
_axxix, 219 p. : _bill. ; _c24 cm. + _e1 CD-ROM (4 1/2 in.) |
||
| 500 | _aAccompanying audio CD includes a 20-minute summary of the contents of the book and an interview with the author. | ||
| 504 | _aIncludes bibliographical references (p. 205-212) and index. | ||
| 650 | 0 | _aNew business enterprises. | |
| 650 | 0 | _aEntrepreneurship. | |
| 650 | 0 | _aHigh technology industries. | |
| 856 | 4 | 1 |
_3Table of contents _uhttp://www.loc.gov/catdir/toc/fy046/2004107633.html |
| 942 |
_cBB _k338.04S5284 |
||
| 999 |
_c1098 _d1098 |
||